[Event "XX Open Internacional Sant Marti 2018"]
[Site "Barcelona"]
[Date "2018.07.17"]
[Round "5.9"]
[White "Fernandez Cardoso, Alexey"]
[Black "Serarols Mabras, Bernat"]
[Result "1/2-1/2"]
[BlackElo "2269"]
[WhiteElo "2439"]
[LiveChessVersion "1.4.8"]

1. e4 {[%clk 1:30:59]} c6 {[%clk 1:30:07]} 2. d4 {[%clk 1:31:24]} d5
{[%clk 1:29:53]} 3. e5 {[%clk 1:31:48]} Bf5 {[%clk 1:29:28]} 4. Nf3
{[%clk 1:32:11]} e6 {[%clk 1:29:05]} 5. Be2 {[%clk 1:32:35]} c5 {[%clk 1:28:51]}
6. O-O {[%clk 1:31:07]} Nc6 {[%clk 1:27:26]} 7. c3 {[%clk 1:31:29]} cxd4
{[%clk 1:25:59]} 8. cxd4 {[%clk 1:31:49]} Nge7 {[%clk 1:24:24]} 9. Nc3
{[%clk 1:28:55]} Nc8 {[%clk 1:21:13]} 10. Be3 {[%clk 1:26:37]} Be7
{[%clk 1:17:50]} 11. Ne1 {[%clk 1:25:57]} Bg6 {[%clk 1:10:46]} 12. f4
{[%clk 1:25:47]} h5 {[%clk 1:09:12]} 13. a3 {[%clk 1:17:19]} Nb6 {[%clk 1:05:35]}
14. Nf3 {[%clk 1:14:24]} a6 {[%clk 0:55:14]} 15. Nd2 {[%clk 1:04:52]} Rc8
{[%clk 0:49:12]} 16. Rf3 {[%clk 0:59:11]} Bf5 {[%clk 0:40:19]} 17. h3
{[%clk 0:55:55]} Na5 {[%clk 0:33:47]} 18. Nf1 {[%clk 0:53:59]} Bg6
{[%clk 0:30:04]} 19. Ng3 {[%clk 0:48:28]} Nbc4 {[%clk 0:25:10]} 20. Bc1
{[%clk 0:46:03]} Nc6 {[%clk 0:22:43]} 21. Kh1 {[%clk 0:41:09]} Qb6
{[%clk 0:19:17]} 22. Bxc4 {[%clk 0:39:57]} dxc4 {[%clk 0:19:28]} 23. d5
{[%clk 0:39:41]} exd5 {[%clk 0:17:37]} 24. f5 {[%clk 0:39:39]} Bh7
{[%clk 0:13:51]} 25. f6 {[%clk 0:39:39]} gxf6 {[%clk 0:09:49]} 26. exf6
{[%clk 0:39:43]} Bd6 {[%clk 0:09:59]} 27. Re3+ {[%clk 0:36:30]} Kd7
{[%clk 0:06:21]} 28. Qxh5 {[%clk 0:29:38]} Bg6 {[%clk 0:06:21]} 29. Qg4+
{[%clk 0:29:55]} Kd8 {[%clk 0:06:43]} 30. Nf5 {[%clk 0:30:02]} Ne5
{[%clk 0:04:20]} 31. Rxe5 {[%clk 0:29:15]} Bxe5 {[%clk 0:04:37]} 32. Ne7
{[%clk 0:29:05]} Rc6 {[%clk 0:02:31]} 33. Ncxd5 {[%clk 0:26:04]} Qd4
{[%clk 0:03:00]} 34. Bf4 {[%clk 0:25:05]} Bxf4 {[%clk 0:01:58]} 35. Nxf4
{[%clk 0:24:18]} Qxf6 {[%clk 0:02:02]} 36. Rd1+ {[%clk 0:19:34]} Rd6
{[%clk 0:01:45]} 37. Qc8+ {[%clk 0:19:06]} Kxe7 {[%clk 0:02:02]} 38. Qc7+
{[%clk 0:19:31]} Kf8 {[%clk 0:01:10]} 39. Rxd6 {[%clk 0:19:03]} Qxb2
{[%clk 0:00:55]} 40. Nxg6+ {[%clk 0:43:37]} Kg7 {[%clk 0:31:24]} 41. Nxh8 Qa1+
42. Kh2 Qe5+ 43. Kg1 Qe1+ 44. Ng6 1/2-1/2